| 000 | 00476nam a2200181Ia 4500 | ||
|---|---|---|---|
| 001 | 4906 | ||
| 005 | 20260306145829.0 | ||
| 008 | 260306t2019||||xx |||||||||||||| ||spa|| | ||
| 041 | _aESP | ||
| 082 |
_a331.12 _bO666 |
||
| 100 |
_aOppenheimer, Andrés _eAUT |
||
| 245 | 0 |
_a¡Sálvese quien pueda!: _bel futuro del trabajo en la era de la automatización |
|
| 260 | _c2019 | ||
| 300 |
_a359 páginas : _c23 cm. |
||
| 650 | _aGEN | ||
| 654 | _aCAN | ||
| 942 |
_cLIB _dJUS _fJUS _2ddc _n |
||
| 999 |
_c4906 _d4906 |
||